| 000 | 00562nam a2200157 4500 | ||
|---|---|---|---|
| 999 |
_c512011 _d512011 |
||
| 008 | 191028b ||||| |||| 00| 0 eng d | ||
| 100 |
_aDas, Biswaroop _912655 |
||
| 245 | _aCoping with cities and connecting with villages: Migrant workers in Surat city | ||
| 260 | _bIndian Journal of Labour Economics | ||
| 300 | _a62(1), Jan-Mar, 2019: p.89-112. | ||
| 650 |
_aRural urban migration - India - Surat _912656 |
||
| 700 |
_aSahu, Gagan Bihari _912657 |
||
| 773 | _aIndian Journal of Labour Economics | ||
| 906 | _aMigration - India - Surat | ||
| 942 |
_2ddc _cAR |
||